000 01057nam a22002537c 4500
001 000030451
003 RuMoIPM
005 20260430105821.0
008 240723b1957 ru ||||| |||| 00| 0 rus d
035 _a(RuMoBEN) 002262403
040 _aRuMoBEN
_brus
_ercr
041 _arus
_heng
044 _aru
080 _a51
100 _aПойа, Дьердь
245 _aМатематика и правдоподобные рассуждения
_cД. Пойа ; пер. с англ. И. А. Вайнштейна ; под ред. С. А. Яновской
260 _aМосква
_bИзд-во иностр. лит.
_c1957
300 _a535 с.
_bил., табл.
500 _aПер. изд.: Mathematics and plausible reasoning / by G. Polya. Princeton, New Jersey : Princeton univ. press, 1954
504 _aБиблиогр. в подстроч. примеч. и с.: 527-528
700 1 _aВайнштейн, Исаак Аронович
_eпер.
700 1 _aЯновская, Софья Александровна
_eред.
942 _cBK
999 _c30451
_d30451